<?xml version="1.0" encoding="UTF-8"?>
<collection xmlns="http://www.loc.gov/MARC21/slim">
 <record>
  <leader>02117nam a2200205Ia 4500</leader>
  <controlfield tag="001">CTU_94281</controlfield>
  <controlfield tag="008">210402s9999    xx            000 0 und d</controlfield>
  <datafield tag="020" ind1=" " ind2=" ">
   <subfield code="c">648000</subfield>
  </datafield>
  <datafield tag="082" ind1=" " ind2=" ">
   <subfield code="a">005.4</subfield>
  </datafield>
  <datafield tag="082" ind1=" " ind2=" ">
   <subfield code="b">C678</subfield>
  </datafield>
  <datafield tag="100" ind1=" " ind2=" ">
   <subfield code="a">Cohen, Kackie</subfield>
  </datafield>
  <datafield tag="245" ind1=" " ind2="0">
   <subfield code="a">Windows XP networking</subfield>
  </datafield>
  <datafield tag="245" ind1=" " ind2="0">
   <subfield code="c">Kackie Cohen, Andrew Daniels</subfield>
  </datafield>
  <datafield tag="260" ind1=" " ind2=" ">
   <subfield code="a">New York</subfield>
  </datafield>
  <datafield tag="260" ind1=" " ind2=" ">
   <subfield code="b">Addison-Wesley</subfield>
  </datafield>
  <datafield tag="260" ind1=" " ind2=" ">
   <subfield code="c">2005</subfield>
  </datafield>
  <datafield tag="520" ind1=" " ind2=" ">
   <subfield code="a">Windows XP: practical solutions for working network administrators Deploying, managing, or supporting networks with Windows XP clients? Here's all the information you need to maximize reliability, security, and performance...and minimize hassles and aggravation! Kackie Cohen and Andrew Daniels share the extraordinary experience they've gained deploying and running some of the world's largest Windows networks. They don't waste time on the &quot;basics&quot; you already know. Rather, they focus on the specific challenges you face as a working professional. You'll find best practices and real-world tips for everything from authentication to Internet connectivity, firewalls to wireless networking...and a whole lot more.Coverage includes: *Security best practices: system hardening, access control, authentication, authorization, and VPNs *LANs in depth: TCP/IP configuration, heterogeneous networking, services for Unix, and more *Wireless networking configuration and features, including Windows XP's new UPnP support *Internet connection firewall and Internet connection sharing: step-by-step configuration and management recommendations *Mobile/remote networking, including dial-up and remote access services *Saving money with Windows XP's new IP telephony and conferencing features *QoS: prioritizing network traffic to improve mission-critical application performance *Troubleshooting: network diagnostics, remote assistance, utilities, service packs, and command-line tools *Includes extensive coverage of Windows XP Professional clients</subfield>
  </datafield>
  <datafield tag="650" ind1=" " ind2=" ">
   <subfield code="a">Microsoft windows (computer file),Operating systems (computers),Computer networks</subfield>
  </datafield>
  <datafield tag="904" ind1=" " ind2=" ">
   <subfield code="i">Giang</subfield>
  </datafield>
  <datafield tag="980" ind1=" " ind2=" ">
   <subfield code="a">Trung tâm Học liệu Trường Đại học Cần Thơ</subfield>
  </datafield>
 </record>
</collection>
